000 00433nam a2200181Ia 4500
008 210210b1970 xxu||||| |||| 00| 0 eng d
082 _a658.85 WHET
100 _aWHEELER (Elmer).
245 _aTested sentences that sell.
260 _aBombay.
_bWilco Publishing House
_c1970
300 _axv,220
650 _athat
650 _aTested
650 _asentences
650 _asell.
690 _aSalesmanship
906 _a031633
999 _c82542
_d82542